| 000 | 00776nam a2200229 a 4500 | ||
|---|---|---|---|
| 001 | 25455 | ||
| 003 | CO-ViMGA | ||
| 005 | 20230915232059.0 | ||
| 008 | 141112s2004 ck r 000 u spa d | ||
| 020 | _a9788426138460 | ||
| 040 |
_aCO-ViMGA _bspa _cCO-ViMGA |
||
| 041 | _aspa fre | ||
| 090 | _aDEMg | ||
| 100 | 1 |
_aDematons, Charlotte. _938839 |
|
| 245 | 1 | 0 |
_aEl globo amarillo / _cCharlotte Dematons. |
| 260 |
_aBarcelona : _bEditorial Juventud, _c2011. |
||
| 300 | _a[28] p. : il. ; 33 cm. | ||
| 650 | 1 | 4 |
_aLibros ilustrados para niƱos. _92001 |
| 852 | _1.908.96 | ||
| 942 |
_2ddc _cBK |
||
| 999 |
_c33042 _d33042 |
||